El cine español en los años 50, 50 años de la Filmoteca Española (Record no. 67399)

MARC details
000 -LEADER
campo de control de longitud fija 01192nam a2200301 i 4500
001 - NÚMERO DE CONTROL
campo de control 67399
003 - IDENTIFICADOR DE NÚMERO DE CONTROL
campo de control ES-MaACL
005 - FECHA Y HORA DE LA ÚLTIMA TRANSACCIÓN
campo de control 20230906170047.0
007 - CAMPO FIJO DE DESCRIPCIÓN FÍSICA--INFORMACIÓN GENERAL
campo de control de longitud fija t|
008 - DATOS DE LONGITUD FIJA--INFORMACIÓN GENERAL
campo de control de longitud fija 040524s2003 sp a s00110 spa d
020 ## - NÚMERO INTERNACIONAL ESTÁNDAR DEL LIBRO
Número Internacional Estándar del Libro 84-86877-30-X
080 ## - NÚMERO DE LA CLASIFICACIÓN DECIMAL UNIVERSAL
Número de la Clasificación Decimal Universal 026.064(460.27 M.)(083.824)
080 ## - NÚMERO DE LA CLASIFICACIÓN DECIMAL UNIVERSAL
Número de la Clasificación Decimal Universal 791.43(460)(091)(083.824)
110 2# - ENTRADA PRINCIPAL--NOMBRE DE ENTIDAD CORPORATIVA
Nombre de entidad corporativa o nombre de jurisdicción como elemento de entrada Filmoteca Española.
9 (RLIN) 4128
245 13 - MENCIÓN DEL TÍTULO
Título El cine español en los años 50, 50 años de la Filmoteca Española
Resto del título : sede Filmoteca Española, Palacio de Perales, 11 de junio 2003 /
Mención de responsabilidad, etc. [textos, Elena Cervera, Miguel Marías, Carlos F. Heredero].
260 ## - PUBLICACIÓN, DISTRIBUCIÓN, ETC.
Lugar de publicación, distribución, etc. [Madrid] :
Nombre del editor, distribuidor, etc. Sociedad Estatal de Conmemoraciones Culturales,
Fecha de publicación, distribución, etc. [2003]
300 ## - DESCRIPCIÓN FÍSICA
Extensión 205 p. :
Otras características físicas principalmente il. ;
Dimensiones 30 cm.
610 27 - PUNTO DE ACCESO ADICIONAL DE MATERIA--NOMBRE DE ENTIDAD CORPORATIVA
Nombre de entidad corporativa o nombre de jurisdicción como elemento de entrada Filmoteca Española-
Subdivisión general Historia-
Subdivisión de forma Exposiciones.
9 (RLIN) 4129
650 ## - PUNTO DE ACCESO ADICIONAL DE MATERIA--TÉRMINO DE MATERIA
Término de materia o nombre geográfico como elemento de entrada Cine-
Subdivisión geográfica España-
Subdivisión de forma Exposiciones.
9 (RLIN) 171099
655 #7 - TERMINO DE INDIZACIÓN--GENERO/FORMA
Fuente del término tgfbne
9 (RLIN) 193628
Datos o término principal de género/forma Catálogos de exposiciones
700 1# - ENTRADA AGREGADA--NOMBRE PERSONAL
Nombre de persona Cervera, Elena.
9 (RLIN) 37629
700 1# - ENTRADA AGREGADA--NOMBRE PERSONAL
Nombre de persona Marías, Miguel.
9 (RLIN) 76692
700 1# - ENTRADA AGREGADA--NOMBRE PERSONAL
Nombre de persona Heredero, Carlos F.
9 (RLIN) 147769
710 2# - ENTRADA AGREGADA--NOMBRE DE ENTIDAD CORPORATIVA
Nombre de entidad corporativa o nombre de jurisdicción como elemento de entrada Sociedad Estatal de Conmemoraciones Culturales (España)
9 (RLIN) 134893
852 ## - LOCALIZACIÓN
Ubicación ES-MaACL
Número de control de estantería L-27660
942 ## - ELEMENTOS DE ENTRADA SECUNDARIOS (KOHA)
Fuente del sistema de clasificación o colocación Clasificación decimal universal
Holdings
Estatus retirado Estado de pérdida Estado de daño No para préstamo Biblioteca de origen Biblioteca actual Ubicación en estantería Fecha de adquisición Fuente de adquisición Total de préstamos Signatura topográfica completa Código de barras Visto por última vez Precio de reemplazo Tipo de ítem Koha
        Biblioteca del Ateneo de Madrid Biblioteca del Ateneo de Madrid Depósito 2 17/01/2008     L-27660 1070577 23/02/2023 23/02/2023 Libro impreso